000 00724nam a2200217 i 4500
001 56631
003 ES-MaACL
005 20230906163420.0
007 t|
008 031010s1956 sp ||||1| spa d
100 1 _aDiebold, John.
_944529
245 1 0 _aAutomación
_b: hacia la fábrica yla oficina automáticas /
_cJohn Diebold ; versión española de A. Torrents ; supervisión técnica y notas de Mariano de Izuzquiza.
260 _aBarcelona :
_bHispano Europea,
_c[1956] (
_fCondal)
300 _a159 p. ;
_c21 cm.
490 1 _aGalileo
700 1 _aTorrents, A.
_9110859
700 1 _aIzuzquiza, Mariano de.
_965754
830 0 _aGalileo
_9182278
852 _aES-MaACL
_jC-10946
_bR.38994
999 _c56631
_d56631